Responses for Show #4222 - Tuesday, December 31, 2002

(Cheryl: We're at Westminster Abbey; stay tuned to find out more on Jeopardy!)

Contestants

[<< previous game]

Nancy Hoy, a homemaker from San Diego, California

Brandon Grace, a county government employee from Anderson, South Carolina

Steve Frost, a technology salesman from Mountain View, California (whose 3-day cash winnings total $34,100)

[next game >>]

Jeopardy! Round responses

"P"-RUSSIA
GAME SHOW FORMATS
THE 7 WONDERS
WESTMINSTER ABBEY
A BROAD-BASED MOVEMENT
BODY LANGUAGE
    $200 1
Peter the Great

Steve
    $200 2
The Price is Right

Brandon
    $200 3
coins

Triple Stumper
    $200 12
(Nancy: What is the wedding ceremony?)

coronation

BrandonNancy
    $200 26
Daughters of the American Revolution

Steve
    $200 21
ears

Nancy
    $400 17
Vladimir Putin

Steve
    $400 8
Who Wants to Be a Millionaire

Steve
    $400 4
The Hanging Gardens of Babylon

Brandon
    $400 13
Edmond Halley

Nancy
    $400 27
Young Women's Christian Association

Nancy
    $400 22
the nose on your face

Steve
    $1,000 18
Ivan Pavlov

Steve
    $600 9
The Dating Game

Brandon
    $600 5
Colossus of Rhodes

Brandon
    $600 14
Princess Diana's Funeral

Steve
    $600 28
Ladies Professional Golf Association

Brandon
    $600 23
your feet

Nancy
    $800 19
perestroika

Nancy
    $800 10
The Match Game

Steve
    $800 6
Lighthouse at Alexandria

Brandon
    $800 15
the choirboys

Triple Stumper
    $800 29
(Brandon: What is the National Organization of Women?)

National Organization for Women

SteveBrandon
    $800 24
(Alex: With a minute to go.)

tongue-in-cheek

Steve
    $1000 20
(Nancy: Who is Prokiev?)
....
(Alex: You left out a syllable.)

Sergei Prokofiev

Nancy
Triple Stumper
    $1000 11
To Tell the Truth

Steve
    $1000 7
(Steve: Who is Athena?)

Artemis/Diana

Steve
Triple Stumper
    $1000 16
Dr. David Livingstone

Triple Stumper
    $1000 30
League of Women Voters

Steve
    $1000 25
(Brandon: What is a reflex?)

knee-jerk reaction

SteveBrandon

Scores at the first commercial break (after clue 16):

Steve Brandon Nancy
$2,000 $2,800 $200

Scores at the end of the Jeopardy! Round:

Steve Brandon Nancy
$7,600 $1,600 $1,200

Double Jeopardy! Round responses

PRUSSIA
ANAGRAMMED AUTHORS
(Alex: Be careful! We want you to unscramble the anagram & give us the full name of the author, because that's what's scrambled!)
THE MOON
TAKE THE KIDS!
SHOW BIZ DADS
SPECIAL "K"
    $400 15
(Steve: What are the 1920s?)

1940s (1947)

Steve
Triple Stumper
    $400 14
(Steve: What is Shakespeare?)
....
(Alex: Remember, we're going for the full name.)

William Shakespeare

SteveBrandon
    $400 3
(Alex: It always shows us the same face.)

1

Brandon
    $400 1
Australia

Steve
    $400 8
Vincente Minnelli

Nancy
    $400 10
Krugerrands

Brandon
    $1,800 16
Brandenburg

Brandon
    $800 19
Oscar Wilde

Brandon
    $800 4
crater

Brandon
    $800 2
Chicago

Brandon
    $800 9
Bing Crosby

Triple Stumper
    $800 11
Dr. Martin Luther King, Jr.

Brandon
    $1200 17
Otto von Bismarck

Triple Stumper
    $1200 20
Ernest Hemingway

Brandon
    $1200 5
Apennines

Triple Stumper
    $1200 24
Doctor Doom

Brandon
    $1200 12
Helen Keller

Steve
    $1600 18
Alsace-Lorraine

Steve
    $1600 21
Henry David Thoreau

Steve
    $1,600 6
"The Eagle has Landed"

Brandon
    $1600 26
[The end-of-round signal sounds.]

Belgium

Triple Stumper
    $1600 13
the Kaaba

Triple Stumper
    $2000 25
Pomeranian

Triple Stumper
    $2000 23
William Butler Yeats

Brandon
    $2000 7
Apollo 8

Triple Stumper
    $2000 22
(Alex: Minute to go now.)

kata

Nancy

Scores at the end of the Double Jeopardy! Round:

Steve Brandon Nancy
$11,600 $13,800 $3,600

[wagering suggestions for these scores]

Final Jeopardy! Round responses

SOUTH AMERICA
(Alex: Brandon, that's a nice way to wrap up the year, isn't it; he'll be back next year & so will we...so long!)
NancyWhat are Argentina & Peru?
$3,599
SteveWhat are Argentina & Peru?
$3,201
BrandonWhat [is] are Argentina & Venezuela
$10,000
Argentina & Venezuela

Final scores:

Steve Brandon Nancy
$8,399 $23,800 $1
2nd place: $2,000 New champion: $23,800 3rd place: $1,000

Game dynamics:

Coryat scores:

Steve Brandon Nancy
$11,200 $12,800 $3,600
17 R
(including 1 DD),
3 W
19 R
(including 2 DDs),
2 W
7 R,
2 W

Combined Coryat: $27,600

[game clues] [game scores] [suggest correction]

Game tape date: 2002-09-24
The J! Archive is created by fans, for fans. Scraping, republication, monetization, and malicious use prohibited; this site may use cookies and collect identifying information. See terms. The Jeopardy! game show and all elements thereof, including but not limited to copyright and trademark thereto, are the property of Jeopardy Productions, Inc. and are protected under law. This website is not affiliated with, sponsored by, or operated by Jeopardy Productions, Inc. Join the discussion at JBoard.tv.